01141cam a2200301 a 4500001000500000005001700005020001500022020001800037040002300055050002300078082001500101100002200116245004200138250004800180260004200228300002300270500010200293505000700395520022400402521001700626521001700643650003100660650003300691650004200724650002500766650002300791650002500814262020240105110308.0 a0689836015 a9780689836022 aDLCcDLCdDLCbeng00aPZ7.K8352bSi 200000a813.542211 aKonigsburg, E. L.10aSilent to the bone /cE.L. Konigsburg aFirst Aladdin Paperbacks edition April 2002 aNew York :bAladdin Paperbacks,c2000 a261 pages :c20 cm aCompanion book to: The outcasts of 19 Schuyler Place and The mysterious edge of the heroic world. aP  aWhen he is wrongly accused of gravely injuring his baby half-sister, thirteen-year-old Branwell loses his power of speech and only his friend Connor is able to reach him and uncover the truth about what really happened. a810 bLexile aP bRaz-Plus 1aSelective mutismvFiction. 1aEmotional problemsvFiction. 1aBabysitters and babysittingvFiction. 1aRemarriagevFiction. 1aSiblingsvFiction. 1aFriendshipvFiction.